000 00611nam a2200181Ia 4500
008 100917s9999 xx 000 0 und d
082 _b27531
100 _aबेलसरे के. वि.
245 _aसार्थ श्रीमत्र दासबोध
260 _bसमर्थ सेवा मंडळ
300 _a431
365 _b50
520 _aअध्यात्म
630 _aसार्थ श्रीमत्र दासबोध
650 _aअध्यात्म
730 _aसार्थ श्रीमत्र दासबोध
942 _cBOOK
999 _c632925
_d632922